Využitie skúseností z plánovania, projektovania, výstavby, sledovania a obnovy pozemných komunikácií seminár

Guardado en:
Detalles Bibliográficos
Formato: Libro
Lenguaje:eslovaco
Publicado: Bratislava Dom techniky ČSVTS 1985
Etiquetas: Agregar Etiqueta
Sin Etiquetas, Sea el primero en etiquetar este registro!

MARC

LEADER 00000nam a2200000 4500
001 c111024
005 20041019155148.5
041 0 |a slo 
044 |a SK 
245 1 0 |a Využitie skúseností z plánovania, projektovania, výstavby, sledovania a obnovy pozemných komunikácií  |b seminár 
264 1 |a Bratislava  |b Dom techniky ČSVTS  |c 1985 
300 |a 153 s.